Statistiques concernant Les 100 plus grandes villes de France en Nouvelle Aquitaine

Cliquez ici pour prendre le quiz!

Statistiques générales

  • Ce quiz a été pris 99 fois
  • Le résultat moyen est 6 sur 8

Statistiques - réponses

Ville
Population
(en milliers)
% Correct
9Bordeaux260
100%
62La Rochelle77
83%
49Poitiers89
81%
65Pau75
78%
28Limoges130
76%
96Niort59
64%
71Mérignac72
63%
82Pessac65
57%

Distribution des résultats

Percentile par nombre de réponses

% des personnes avec chaque résultat

Votre développement - résultats

Vous n’avez pas pris ce quiz